<?xml version="1.0" encoding="UTF-8"?>
<record
    xmlns:xsi="http://www.w3.org/2001/XMLSchema-instance"
    xsi:schemaLocation="http://www.loc.gov/MARC21/slim http://www.loc.gov/standards/marcxml/schema/MARC21slim.xsd"
    xmlns="http://www.loc.gov/MARC21/slim">

  <leader>01558    a2200193   4500</leader>
  <controlfield tag="001">30887</controlfield>
  <controlfield tag="005">20260407155617.0</controlfield>
  <controlfield tag="008">260407a1956    arg                 spa d</controlfield>
  <controlfield tag="003">AR-UNSa-BCEJYS</controlfield>
  <datafield tag="040" ind1=" " ind2=" ">
    <subfield code="a">AR-UNSa-BCEJYS</subfield>
    <subfield code="b">spa</subfield>
    <subfield code="c">AR-UNSa-BCEJYS</subfield>
  </datafield>
  <datafield tag="080" ind1=" " ind2=" ">
    <subfield code="a">657</subfield>
    <subfield code="x">Contabilidad</subfield>
  </datafield>
  <datafield tag="245" ind1="1" ind2="0">
    <subfield code="a">Contabilidad industrial</subfield>
    <subfield code="p">aplicada a las empresas transformadoras y distribuidoras</subfield>
  </datafield>
  <datafield tag="264" ind1=" " ind2="1">
    <subfield code="a">Madrid :</subfield>
    <subfield code="b">Aguilar</subfield>
    <subfield code="c">1956</subfield>
  </datafield>
  <datafield tag="300" ind1=" " ind2=" ">
    <subfield code="a">307 p.</subfield>
    <subfield code="c">22 cm.</subfield>
  </datafield>
  <datafield tag="505" ind1=" " ind2=" ">
    <subfield code="a">Primera Prate: Contabilidad aplicada a empresas transformadoras: 1. Elementos que intervienen en la contabilidad industrial - 2. Cuentas de activo inmovilizado - 3. Cuenta "Materiales" - 4. Cuenta "Materiales" - 5. Cuenta "Mano de obra" - 6. Aplicaci&#xF3;n de Mano de Obra - 7. Servicios de f&#xE1;brica - 8. Depreciaci&#xF3;n - 9. Depreciaci&#xF3;n - 10. Depreciaci&#xF3;n - 11. Aplicaci&#xF3;n de servicios de f&#xE1;brica - 12. Aplicaci&#xF3;n de servicios de f&#xE1;brica - 13. Aplicaci&#xF3;n de servicios de f&#xE1;brica - 14. Aplicaci&#xF3;n de servicios de f&#xE1;brica - 15. Art&#xED;culos en curso de elaboraci&#xF3;n - 16. Ordenes de fabricaci&#xF3;n - 17. Valoraci&#xF3;n para el balance de art&#xED;culos en curso de fabricaci&#xF3;n - 18. Valoraci&#xF3;n para el balance de art&#xED;culos en curso de fabricaci&#xF3;n - 19. Art&#xED;culos terminados - 20. Ajustes - 21. Determinaci&#xF3;n de resultados - 22. Aplicaci&#xF3;n pr&#xE1;ctica del procedimiento - Segunda parte: Contabilidad aplicada a empresas distribuidoras: 23. Costo en la empresa distribuidora - 24. Aplicaci&#xF3;n pr&#xE1;ctica </subfield>
  </datafield>
  <datafield tag="942" ind1=" " ind2=" ">
    <subfield code="c">BK</subfield>
  </datafield>
  <datafield tag="590" ind1=" " ind2=" ">
    <subfield code="a">niveau_biblio:m niveau_hierar:0</subfield>
  </datafield>
  <datafield tag="100" ind1="1" ind2=" ">
    <subfield code="a">Suarez Franck, Armando</subfield>
  </datafield>
  <datafield tag="999" ind1=" " ind2=" ">
    <subfield code="c">2135</subfield>
    <subfield code="d">2135</subfield>
  </datafield>
  <datafield tag="952" ind1=" " ind2=" ">
    <subfield code="0">0</subfield>
    <subfield code="1">0</subfield>
    <subfield code="4">0</subfield>
    <subfield code="7">0</subfield>
    <subfield code="a">BCEJYS</subfield>
    <subfield code="b">BCEJYS</subfield>
    <subfield code="c">16</subfield>
    <subfield code="d">2026-04-07</subfield>
    <subfield code="l">0</subfield>
    <subfield code="o">657 S939</subfield>
    <subfield code="p">L20194</subfield>
    <subfield code="r">2026-04-07 15:56:17</subfield>
    <subfield code="w">2026-04-07</subfield>
    <subfield code="y">L</subfield>
  </datafield>
</record>
